Vpliv dostupnosti osviti na migracijni procesi v epochu ekonomiki znaň

Dôvody migrácie obyvateľstva. Rozvoj nových technológií a vznik termínu vedomostná ekonomika. Vysokoškolské vzdelávanie a jeho vplyv na konkurencieschopnosť krajiny. Migrácia študentov.

Guardado en:
Detalles Bibliográficos
Autor principal: Gonda, Vladimír
Formato: Capítulo de libro
Lenguaje:ruso
Materias:
Etiquetas: Agregar Etiqueta
Sin Etiquetas, Sea el primero en etiquetar este registro!

MARC

LEADER 00000naa$a2200000$$$4500
001 0174809
005 20240502083416.2
041 0 |a rus 
044 |a UA 
245 1 0 |a Vpliv dostupnosti osviti na migracijni procesi v epochu ekonomiki znaň  |c Vladimír Gonda 
520 |a Dôvody migrácie obyvateľstva. Rozvoj nových technológií a vznik termínu vedomostná ekonomika. Vysokoškolské vzdelávanie a jeho vplyv na konkurencieschopnosť krajiny. Migrácia študentov. 
610 2 0 |a migrácia 
610 2 0 |a pohyb síl pracovných 
610 2 0 |a vzdelávanie vysokoškolské 
610 2 0 |a univerzity 
610 2 0 |a ekonomika vedomostná 
610 2 0 |a vedomosti 
100 1 |a Gonda, Vladimír